Vista normal
Vista MARC
Entrada Corporate Name
Número de registros utilizados en: 2
001 - CONTROL NUMBER
- control field: 11776
003 - CONTROL NUMBER IDENTIFIER
- control field: OSt
005 - DATE AND TIME OF LATEST TRANSACTION
- control field: 20230915230208.0
008 - FIXED-LENGTH DATA ELEMENTS
- fixed length control field: 230915|| aca||aabn | a|a d
040 ## - CATALOGING SOURCE
- Original cataloging agency: OSt
- Transcribing agency: OSt
110 ## - HEADING--CORPORATE NAME
- Corporate name or jurisdiction name as entry element: COMITE INTERNACIONAL DE LA CRUZ ROJA
670 ## - SOURCE DATA FOUND
- Source citation: Work cat.: (OSt)21235: COMITE INTERNACIONAL DE LA CRUZ ROJA, Los Convenios de Ginebra del 12 de Agosto de 1949, 1986